00303nam a2200133Ia 4500100001900000650000900019366000700028654000900035245005600044260002700100082001700127300000800144546001700152 aHwang/Enoch O  aVHDL f20 aVHDL aDigital logic and Microprocessors design with VHDL bCengage Learningc2006 a621.395bHWA a588 aENGLISHcTTL